Statistics for Countries With Boundaries To Iran

Click here to take the quiz!

General Stats

  • This quiz has been taken 125 times
  • The average score is 7 of 7

Answer Stats

EnglishTürkçe% Correct
IraqIrak
100%
TurkeyTürkiye
100%
AzerbaijanAzerbaycan
99%
PakistanPakistan
99%
TurkmenistanTürkmenistan
99%
AfghanistanAfganistan
98%
ArmeniaErmenistan
98%

Score Distribution

Percentile by Number Answered

Percent of People with Each Score

Your Score History

You have not taken this quiz